000 00369nam a2200133Ia 4500
008 220217s9999||||xx |||||||||||||| ||und||
020 _a0-07-053069-6
082 _a004.62 HAH
100 _aHahn, Harley
_93555
245 0 _aHarley hahn's internet yellow pages 2003
260 _aTata mcgraw hill
_bNew Delhi
_c2003
300 _b595
650 _aCOMPUTER NETWORK
999 _c172177
_d172177